000 01324cam a2200133 4500500
005 20251214002553.0
041 _afre
042 _adc
100 1 0 _aBergez, Daniel
_eauthor
245 0 0 _aLe texte et la toile : Peintres et écrivains en dialogue
260 _bArmand Colin,
_c2020.
520 _aLa littérature et la peinture se sont développées au long des siècles dans une constante émulation. C'est ce dialogue fécond qu'explore cet ouvrage.L'auteur y développe, dans un style érudit et accessible, une réflexion d'ensemble qui mobilise un savoir double de l'art pictural et de la pratique littéraire. Il éclaire les multiples croisements historiques et thématiques entre ces deux arts, autant que les soubassements esthétiques et philosophiques de cet échange.On redécouvre ainsi à quel point la peinture a été pendant des siècles dépendante des textes, pour ses sources d'inspiration comme pour sa théorisation. Symétriquement, apparaît la fascination des écrivains pour l'immédiateté plastique de l'image, dont ils cherchent bien des fois à retrouver la séduction par le travail de l'écriture.Une sélection de tableaux est reproduite dans un cahier couleur central.
856 4 1 _uhttps://shs.cairn.info/le-texte-et-la-toile--9782200623760?lang=fr&redirect-ssocas=7080
999 _c1567129
_d1567130